<?xml version="1.0" encoding="UTF-8"?>
<record
    xmlns:xsi="http://www.w3.org/2001/XMLSchema-instance"
    xsi:schemaLocation="http://www.loc.gov/MARC21/slim http://www.loc.gov/standards/marcxml/schema/MARC21slim.xsd"
    xmlns="http://www.loc.gov/MARC21/slim">

  <leader>00819nam a2200265 i 4500</leader>
  <controlfield tag="003">DO-SdBNP</controlfield>
  <controlfield tag="005">20240722133111.0</controlfield>
  <controlfield tag="007">ta</controlfield>
  <controlfield tag="008">110413s1990    dr            000 j spa d</controlfield>
  <datafield tag="040" ind1=" " ind2=" ">
    <subfield code="a">DO-SdBNP</subfield>
    <subfield code="b">spa</subfield>
    <subfield code="c">BNPHU</subfield>
    <subfield code="e">rda</subfield>
  </datafield>
  <datafield tag="082" ind1=" " ind2=" ">
    <subfield code="b">E93</subfield>
    <subfield code="2">22</subfield>
  </datafield>
  <datafield tag="100" ind1=" " ind2=" ">
    <subfield code="a">Cocco, Manuel</subfield>
    <subfield code="e">autor</subfield>
    <subfield code="9">53359</subfield>
  </datafield>
  <datafield tag="245" ind1="1" ind2="0">
    <subfield code="a">Evoluci&#xF3;n de la educaci&#xF3;n superior dominicana /</subfield>
    <subfield code="c">Manuel Cocco </subfield>
  </datafield>
  <datafield tag="250" ind1=" " ind2=" ">
    <subfield code="a">10a. edici&#xF3;n</subfield>
  </datafield>
  <datafield tag="264" ind1=" " ind2="1">
    <subfield code="a">Santo Domingo :</subfield>
    <subfield code="b">INTEC,</subfield>
    <subfield code="b">Fundaci&#xF3;n Friedrich Ebert,</subfield>
    <subfield code="c">1990.</subfield>
  </datafield>
  <datafield tag="300" ind1=" " ind2=" ">
    <subfield code="a">30 p&#xE1;ginas </subfield>
    <subfield code="c">21 cm.</subfield>
  </datafield>
  <datafield tag="336" ind1=" " ind2=" ">
    <subfield code="2">rdacontent</subfield>
    <subfield code="a">texto</subfield>
    <subfield code="b">txt</subfield>
  </datafield>
  <datafield tag="337" ind1=" " ind2=" ">
    <subfield code="2">rdamedia</subfield>
    <subfield code="a">sin mediaci&#xF3;n </subfield>
    <subfield code="b">n</subfield>
  </datafield>
  <datafield tag="338" ind1=" " ind2=" ">
    <subfield code="2">rdacarrier</subfield>
    <subfield code="a">volumen</subfield>
    <subfield code="b">nc</subfield>
  </datafield>
  <datafield tag="490" ind1="1" ind2=" ">
    <subfield code="a">Plan educativo</subfield>
    <subfield code="v">10</subfield>
  </datafield>
  <datafield tag="590" ind1=" " ind2=" ">
    <subfield code="a">Inventariado, 2023/ YL</subfield>
  </datafield>
  <datafield tag="710" ind1="2" ind2=" ">
    <subfield code="a">Instituto Tecnol&#xF3;gico de Santo Domingo</subfield>
    <subfield code="9">78911</subfield>
  </datafield>
  <datafield tag="910" ind1=" " ind2=" ">
    <subfield code="a">YLockward</subfield>
  </datafield>
  <datafield tag="942" ind1=" " ind2=" ">
    <subfield code="2">ddc</subfield>
    <subfield code="c">LF2</subfield>
  </datafield>
  <datafield tag="952" ind1=" " ind2=" ">
    <subfield code="0">0</subfield>
    <subfield code="1">0</subfield>
    <subfield code="2">ddc</subfield>
    <subfield code="5">1</subfield>
    <subfield code="7">0</subfield>
    <subfield code="8">DS-F</subfield>
    <subfield code="a">BNPHU</subfield>
    <subfield code="b">BNPHU</subfield>
    <subfield code="c">CT</subfield>
    <subfield code="d">2014-12-01</subfield>
    <subfield code="e">Barbara Suncar</subfield>
    <subfield code="l">0</subfield>
    <subfield code="o">E93</subfield>
    <subfield code="p">2023-8046</subfield>
    <subfield code="r">2023-11-27</subfield>
    <subfield code="w">2023-11-27</subfield>
    <subfield code="y">LF2</subfield>
    <subfield code="z">Perteneci&#xF3; a la biblioteca personal de B&#xE1;rbara Suncar</subfield>
  </datafield>
  <datafield tag="952" ind1=" " ind2=" ">
    <subfield code="0">0</subfield>
    <subfield code="1">0</subfield>
    <subfield code="2">ddc</subfield>
    <subfield code="5">1</subfield>
    <subfield code="7">0</subfield>
    <subfield code="8">PD-F</subfield>
    <subfield code="a">BNPHU</subfield>
    <subfield code="b">BNPHU</subfield>
    <subfield code="c">CT</subfield>
    <subfield code="d">2024-07-22</subfield>
    <subfield code="e">donaci&#xF3;n</subfield>
    <subfield code="l">0</subfield>
    <subfield code="o">BNPHU F-PD E93</subfield>
    <subfield code="p">2024-4518</subfield>
    <subfield code="r">2024-07-22</subfield>
    <subfield code="t">e.2</subfield>
    <subfield code="w">2024-07-22</subfield>
    <subfield code="y">LF2</subfield>
    <subfield code="z">Emilio Cordero Michel</subfield>
  </datafield>
  <datafield tag="999" ind1=" " ind2=" ">
    <subfield code="c">55594</subfield>
    <subfield code="d">55594</subfield>
  </datafield>
</record>
